000 00317nam a22001097a 4500
082 _a340.6 MAT
100 _aK. Mathiharan and Amrit K. Patnaik
245 _aModi's Medical Jurisprudence and Toxicology
_cMathiharan K
300 _a962,417p
942 _2ddc
_cBK
999 _c540961
_d540961